El Crecimiento urbano de Latinoamérica dentro de un contexto global: la interdependencia del desarrollo social y económico /
Se analiza de manera crítica algunas de las manifestaciones locales de los procesos mercantiles de integración económica global. Al momento que se acelera la integración de las zonas privilegiadas a la economía global, la economía de mercado a menudo debilita los vínculos productivos y sociales que...
Zapisane w:
| 1. autor: | |
|---|---|
| Format: | Texto |
| Hasła przedmiotowe: | |
| Etykiety: |
Dodaj etykietę
Nie ma etykietki, Dołącz pierwszą etykiete!
|
MARC
| LEADER | 00000 a a2200000 04500 | ||
|---|---|---|---|
| 001 | 7549 | ||
| 003 | |||
| 040 | |||
| 100 | |a Barkin, David | ||
| 245 | |a El Crecimiento urbano de Latinoamérica dentro de un contexto global: |b la interdependencia del desarrollo social y económico / |c David Barkin | ||
| 500 | |a Traducido por Lucrecia Orensanz | ||
| 520 | |a Se analiza de manera crítica algunas de las manifestaciones locales de los procesos mercantiles de integración económica global. Al momento que se acelera la integración de las zonas privilegiadas a la economía global, la economía de mercado a menudo debilita los vínculos productivos y sociales que en tiempos anteriores permitían la sobrevivencia de grupos y regiones aisladas y marginadas |a sin embargo, no ofrece nuevas oportunidades a las mayorías desfavorecidas de las distintas regiones. Para los países pertenecientes al Tercer Mundo, que parten de la pobreza, insuficiente capital de inversiones, mano de obra poco calificada y deficientes instancias organizativas, los efectos polarizadores de la integración internacional son particularmente poderosos al incrementar las diferencias socioeconómicas e intensificar los problemas ambientales ocasionados por las cambiantes relaciones económicas y espaciales. Se añade que se necesitan nuevas instituciones que permitan a la mayoría de los latinoamericanos, excluidos de participar en los sectores dirigentes, reclamar o reiventar sus comunidades y sistemas productivos. Sólo de esta forma, se considera que se puede generar los bienes y servicios que contribuyan a forjar una estrategia de desarrollo diferente y sustentable y una mejor calidad de vida. OB/LOB | ||
| 650 | |a URBANISMO | ||
| 650 | |a CRECIMIENTO DEMOGRAFICO | ||
| 650 | |a PLANIFICACION URBANA | ||
| 650 | |a DESARROLLO ECONOMICO Y SOCIAL | ||
| 650 | |a PAISES EN DESARROLLO | ||
| 650 | |a CONDICIONES DE VIDA | ||
| 650 | |a POBREZA | ||
| 650 | |a MARGINALIDAD | ||
| 650 | |a ESTRATEGIA DEL DESARROLLO | ||
| 650 | |a EMPLEO | ||
| 650 | |a RECURSOS HUMANOS | ||
| 773 | |g volumen 10, número 2 (29); páginas 457-470 | ||
| 999 | |c 39841 |d 39841 | ||
